| 000 | 00424 a2200133 4500 | ||
|---|---|---|---|
| 001 | ART_3472 | ||
| 005 | 20260410161715.0 | ||
| 008 | 260409a | ||
| 245 | 1 | 0 | _aInflación, variación de precios relativos e inflexibilidad de precios |
| 100 | 1 | _aHelman, Héctor | |
| 700 | 1 | _aRoiter, Daniel | |
| 700 | 1 | _aYoguel, Gabriel | |
| 773 | 0 |
_tDesarrollo económico _g- Vol. 24, Nº 95 (oct./dic. 1984) _wREV1174 |
|
| 999 |
_c16420 _d16420 |
||